000 00595nam a2200181Ia 4500
003 GCL
008 140319s9999 xx 000 0 ara d
040 _aGCL /
_cGCL
082 0 4 _aق
_b615.191
_bم ج
100 1 _aمحمد عبده بدرالدين
245 1 0 _aجغرافية الدواء /
_cمحمد عبده بدرالدين
260 _aالقاهرة :
_bدار المعرفة الجامعية ،
_c2003
300 _a367 ص ؛
_c24 سم
650 0 4 _aالادوية
650 0 4 _aالادوية - صناعة وتجارة
650 0 4 _aالادوية - توزيع
942 _2ddc
_cBK
999 _c5243
_d5243